Otestujte si své schopnosti /
Salvato in:
| Autori principali: | , |
|---|---|
| Natura: | Libro |
| Lingua: | ceco |
| Pubblicazione: |
Praha :
Grada,
1995
|
| Edizione: | [1.vyd]. |
| Tags: |
Nessun Tag, puoi essere il primo ad aggiungerne!!
|
MARC
| LEADER | 00000nam a22000003a 4500 | ||
|---|---|---|---|
| 001 | stu32607 | ||
| 005 | 20150617225732.6 | ||
| 008 | 951114s1995----cs------------------cze-d | ||
| 020 | |a 80-85623-47-1 | ||
| 040 | |a STU |b slo | ||
| 041 | 0 | |a cze | |
| 044 | |a cs | ||
| 100 | 1 | |a Barrett, Jim |4 aut | |
| 245 | 1 | |a Otestujte si své schopnosti / |c [aut.] Barrett,Jim; Williams,Geoff | |
| 250 | |a [1.vyd]. | ||
| 260 | |a Praha : |b Grada, |c 1995 | ||
| 300 | |a 178 s | ||
| 700 | 1 | |a Williams, Geoff |4 aut | |
| 996 | |b J91436 |c J*91436 |l JJSK |s A |a 24 |w stu32607_0001 | ||
| 996 | |b J91692 |c J*91692 |l JJSK |s A |a 24 |w stu32607_0002 | ||